Global inequality, wealth concentration and the subprime crisis: A Marxian commodity theory analysis (Record no. 91838)

000 -LEADER
fixed length control field 00441pab a2200157 454500
008 - FIXED-LENGTH DATA ELEMENTS--GENERAL INFORMATION
fixed length control field 180718b2011 xxu||||| |||| 00| 0 eng d
100 ## - MAIN ENTRY--PERSONAL NAME
Personal name Lysandrou, Photis
245 ## - TITLE STATEMENT
Title Global inequality, wealth concentration and the subprime crisis: A Marxian commodity theory analysis
260 ## - PUBLICATION, DISTRIBUTION, ETC.
Date of publication, distribution, etc. 2011
300 ## - PHYSICAL DESCRIPTION
Extent p.183-208.
362 ## - DATES OF PUBLICATION AND/OR SEQUENTIAL DESIGNATION
Dates of publication and/or sequential designation Jan
650 ## - SUBJECT ADDED ENTRY--TOPICAL TERM
Topical term or geographic name entry element Income distribution
773 ## - HOST ITEM ENTRY
Main entry heading Development and Change
908 ## - PUT COMMAND PARAMETER (RLIN)
Put command parameter N
909 ## -
-- 91838
Holdings
Withdrawn status Lost status Damaged status Not for loan Permanent Location Current Location Date acquired Serial Enumeration / chronology Barcode Date last seen Price effective from Koha item type
        Indian Institute of Public Administration Indian Institute of Public Administration 2018-07-19 Volume no: 42, Issue no: 1 AR92298 2018-07-19 2018-07-19 Articles

Powered by Koha